000 00420nam a2200145Ia 4500
008 150509s9999 xx 000 0 und d
082 _a301.18 FRA
100 _aFrank, Andre Gunder
245 _aLumepenbourgeoisie: Lumempendevelopment
260 _aNew York:
260 _bMonthly Review Press
300 _a151p.
500 _atranslated from the Spanish by Morion Davis Berdecio
650 _aSocial psycology, ground
999 _c7903
_d7903